000 00856nam a22002777a 4500
001 0074
003 DO-SdBNP
005 20180131152401.0
007 0074
008 151023b 1999 sp || 00| 0 spa d
020 _a9788427234529
040 _aBPMSU
_bspa
_cBPMSU
092 _axxxxxxxxx
_bxxxxxxxxx
100 1 0 _aBlyton, Enid
240 1 _aThe O´Sullivan twins /
245 1 4 _aLas mellizas O'Sullivan /
_cEnid Blyton ; traducción María Dolores Raich Ullán ; ilustración José María Bea
260 _aBarcelona, España :
_bMolino,
_c1999.
300 _a196 p. :
_bil.,
_c18 cm.
500 _aEn el lomo: 2
700 1 0 _3Raich Ullán, María Dolores,
_4tr.
700 1 0 _aBea, José María,
_cil.
942 _2ddc
_cBK
945 _aInventariado, 2018/ YL
956 _aBrenda Tavárez
956 _aYngrid Lockward
_2YLOCKWARD
_310
_8BPMSU
_c20161021
999 _c8447
_d8447